| 000 | 00792cam a2200265 4500 | ||
|---|---|---|---|
| 001 | sa 68013003 | ||
| 003 | DLC | ||
| 005 | 20260227112618.0 | ||
| 008 | 691118r1967 ii c 000 0beng | ||
| 010 | _asa 68013003 | ||
| 025 | _aPL480:I-E-10268 | ||
| 040 |
_aDLC _cDLC _dDLC |
||
| 041 | 0 | _aengtel | |
| 050 | 0 | 0 |
_aDS481.G6 _bS82 1967 |
| 082 | 0 | 0 |
_a954.035/0924 _aB |
| 100 | 2 | _aSubbarao, Gummidithala Venkata. | |
| 245 | 0 | 0 | _aSree Gopalakrishnayya. |
| 250 | _a[2d ed.] | ||
| 260 |
_aAmalapuram, _bGoshti Book-House _c[1967] |
||
| 300 |
_axii, 225, xvi p. _bports. _c23 cm. |
||
| 350 |
_afull calico 10.00 _aordinary 7.50 |
||
| 500 | _aReprint of the "Life and Messages of D. Gopalakrishnayya." | ||
| 500 | _aEnglish and Telugu. | ||
| 600 | 1 | 0 |
_aGopalakrishnayya, Duggirala, _d1889-1928. |
| 999 |
_c84876 _d84876 |
||